000 004150000a22001690004500
003 MACL
005 20160108141925.0
008 160108b xxu||||| |||| 00| 0 eng d
040 _aMACL
_cMACL
041 _aEnglish
082 _a920/GRO
100 _aGross, K G W
_929794
245 _aScott Fitzgerald
260 _bOliver and Boyd Ltd
_c1964
_aBritain
650 _aBiography
_929795
942 _cBK
_k920/GRO
_2ddc
999 _c35818
_d35818